Music Quiz

Random Music or Artist Quiz

Billboard Top Songs (2011) Quiz Stats

 Plays Quiz Updated Jan 11, 2013

Challenge
Share
Tweet
Embed
Score 0/60 Timer 10:00
6 Plays Today
# Song title % Correct
1Rolling in the Deep
85.4%
7F**k You (Forget You)
80.4%
2Party Rock Anthem
72.1%
9Moves Like Jagger
68.4%
4E.T.
67.1%
24Someone Like You
66.2%
8Super Bass
62.8%
6Grenade
62.6%
3Firework
62%
13Pumped Up Kicks
59.2%
16Tonight (I'm Lovin' You)
53.2%
14Last Friday Night (T.G.I.F.)
47.1%
11On the Floor
44.4%
31Black and Yellow
44.4%
18Born This Way
44%
57Sexy and I Know It
43.8%
15Just the Way You Are
40.9%
5Give Me Everything
40.5%
26The Lazy Song
39.5%
36Stereo Hearts
39.4%
32Tonight Tonight
36.1%
35If I Die Young
36%
44Dynamite
34%
55Jar of Hearts
33.4%
20What's My Name
33.3%
19F**kin' Perfect
31.8%
34Lighters
31.7%
33Blow
31.6%
17Raise Your Glass
31.6%
29The Edge of Glory
28.6%
# Song title % Correct
12S&M
28.5%
21Look At Me Now
27.9%
51I Need A Doctor
26.3%
38Coming Home
25%
30We R Who We R
23.9%
37The Time (Dirty Bit)
23.6%
25Good Life
23.4%
28The Show Goes On
22.9%
27Till the World Ends
22.6%
52Just A Dream
21.5%
48You Make Me Feel
21.1%
23How To Love
20.6%
40Only Girl (In the World)
20.6%
22Down On Me
19.7%
45No Hands
18.5%
42Just A Kiss
18.4%
56Roll Up
18.1%
10Just Can't Get Enough
17.8%
46I Wanna Go
17.8%
50Moment 4 Life
17.1%
49Yeah 3x
16.6%
54Stereo Love
16.6%
60Hold It Against Me
16.1%
416 Foot 7 Foot
16.1%
58Rocketeer
15.9%
53Motivation
14.8%
43Dirt Road Anthem
14%
47I'm On One
12.1%
59All of the Lights
10.2%
39Hey Baby (Drop It To the Floor)
9.2%

You're not logged in!

Compare scores with friends on all Sporcle quizzes.
OR
Log In

You Might Also Like...

Show Comments

Extras

Top Quizzes Today


Score Distribution

Your Account Isn't Verified!

In order to create a playlist on Sporcle, you need to verify the email address you used during registration. Go to your Sporcle Settings to finish the process.

Report this User

Report this user for behavior that violates our Community Guidelines.

Details: